[Event "XXVII. Abierto de Sevilla"]
[Site "?"]
[Date "2002.01.19"]
[Round "9"]
[White "Komljenovic, D."]
[Black "Campora Sivori, D."]
[Result "1/2-1/2"]
[WhiteElo "2505"]
[BlackElo "2542"]
[PlyCount "53"]
[EventDate "1996.??.??"]

1. c4 f5 2. d4 Nf6 3. g3 g6 4. Bg2 Bg7 5. b3 c6 6. Nf3 O-O 7. O-O d6 8. Bb2 Na6
9. Nc3 Rb8 10. d5 Bd7 11. Nd4 Qe8 12. Qc2 Nc7 13. Rad1 c5 14. Nf3 b5 15. cxb5
Nxb5 16. Nxb5 Rxb5 17. Ng5 Qc8 18. e4 fxe4 19. Nxe4 Bf5 20. Qe2 Nxe4 21. Bxg7
Kxg7 22. Bxe4 Bxe4 23. Qxe4 Rf7 24. Rfe1 Rb4 25. Qe2 Qf5 26. Rd3 Rb8 27. Qd2 { 
} 1/2-1/2

[Event "XXVII. Abierto de Sevilla"]
[Site "?"]
[Date "2002.01.19"]
[Round "9"]
[White "Spraggett, K."]
[Black "Garcia Luque, A."]
[Result "1-0"]
[WhiteElo "2541"]
[BlackElo "2425"]
[PlyCount "79"]
[EventDate "1996.??.??"]

1. Nf3 Nf6 2. g3 g6 3. b3 Bg7 4. Bb2 O-O 5. c4 d6 6. Bg2 e5 7. d3 a5 8. O-O Na6
9. Nc3 Bd7 10. Rb1 Rb8 11. a3 Qc8 12. Re1 Bh3 13. Bh1 Qg4 14. Qd2 h6 15. Nd5 { 
} 15... b6 (15... Nxd5) 16. Nxf6+ Bxf6 17. Qxh6 Nc5 18. Bc1 Ne6 19. Bd2 Rbe8
20. b4 axb4 21. axb4 Ra8 22. Rbc1 Ra2 23. Bg2 Bxg2 24. Kxg2 Rxd2 25. Qxd2 Kg7
26. h3 Qf5 27. e4 Qh5 28. Qd1 Rh8 29. Rh1 Be7 30. d4 f5 31. exf5 Qxf5 32. d5
Nd8 33. Qe2 Nf7 34. Ra1 Bf6 35. Ra7 e4 36. Nd2 Re8 37. Rxc7 b5 38. Nf1 Bd4 39.
Ne3 Bxe3 40. fxe3 1-0

[Event "XXVII. Abierto de Sevilla"]
[Site "?"]
[Date "2002.01.19"]
[Round "9"]
[White "Pogorelov, R."]
[Black "Candela Perez, J."]
[Result "0-1"]
[WhiteElo "2460"]
[BlackElo "2399"]
[PlyCount "74"]
[EventDate "1996.??.??"]

1. Nf3 d5 2. d4 c6 3. c4 e6 4. Nc3 dxc4 5. e3 b5 6. a4 Bb4 7. Bd2 a5 8. axb5
Bxc3 9. Bxc3 cxb5 10. b3 Bb7 11. bxc4 b4 12. Bb2 Nf6 13. Bd3 O-O 14. O-O Nbd7
15. Re1 Qc7 16. e4 e5 17. c5 exd4 18. Bxd4 Rfe8 19. e5 Nd5 20. Ng5 (20. Bxh7+
Kxh7 21. Ng5+ Kg8 22. e6 fxe6 23. Nxe6 Rxe6 24. Rxe6 Nf8 25. Re5 Rd8 26. Qg4
Nf6 27. Qh4 27... Ng6 {0-1 Liedl,W-Lendwai,R/Oberwart 1994/EXT 98 (27).}) 20...
Nf8 21. Qg4 21... Bc6 { } 22. e6 f6 23. Nh3 Rad8 24. Bc4 Kh8 25. Bxd5 Rxd5 26.
Bb2 Rxc5 27. Rac1 Rxc1 28. Rxc1 Nxe6 29. Qc4 Bd7 30. Qh4 Ng5 31. f3 Nxh3+ 32.
gxh3 Qb6+ 33. Bd4 Qd6 34. Rc5 h6 35. Rxa5 Bxh3 36. Rb5 Re2 37. Rh5 Qxh2# 0-1

[Event "XXVII. Abierto de Sevilla"]
[Site "?"]
[Date "2002.01.19"]
[Round "9"]
[White "Matamoros Franco, C."]
[Black "Calvo, J.M."]
[Result "1-0"]
[WhiteElo "2456"]
[BlackElo "2285"]
[PlyCount "63"]
[EventDate "1996.??.??"]

1. d4 d6 2. c4 f5 3. Nf3 Nf6 4. g3 g6 5. b4 Bg7 6. Bb2 O-O 7. Bg2 c6 8. O-O Na6
9. a3 Nc7 10. Nbd2 Kh8 11. Qc2 Be6 12. Ne1 Rc8 13. a4 d5 14. c5 Ne4 15. Nd3 Qe8
16. Nf3 g5 17. e3 Qh5 18. Nfe5 f4 19. exf4 gxf4 20. Nxf4 { } 20... Rxf4 21.
gxf4 Bh6 (21... Rg8) 22. Bxe4 dxe4 23. d5 Bxd5 (23... Nxd5 $1) 24. Qd1 Qh3 25.
Ra3 e3 26. Nf7+ Kg8 27. Nxh6+ Qxh6 28. Rxe3 $18 28... Ne6 29. Rg3+ Kf7 30. Bc1
Qf6 31. Qh5+ Kf8 32. f5 1-0

[Event "XXVII. Abierto de Sevilla"]
[Site "?"]
[Date "2002.01.19"]
[Round "9"]
[White "Rodriguez Guerrero, E."]
[Black "Mellado Trivino, J."]
[Result "0-1"]
[WhiteElo "2309"]
[BlackElo "2447"]
[PlyCount "66"]
[EventDate "1996.??.??"]

1. c4 e5 2. g3 Nf6 3. Bg2 Nc6 4. Nc3 Bc5 5. a3 a5 6. e3 d6 7. Nge2 O-O 8. O-O
Re8 9. d3 Ba7 10. Nd5 Nxd5 11. cxd5 Ne7 12. d4 exd4 13. Nxd4 Bd7 14. b4 axb4
15. axb4 Bb6 16. Bb2 Rxa1 17. Bxa1 Qa8 18. Qd3 Qa2 19. e4 Ng6 20. Qc3 Ne5 21.
Rc1 f6 22. Rc2 Qb1+ 23. Rc1 Qa2 24. Rc2 Qb1+ 25. Rc1 25... Qd3 { } 26. Rf1 (26.
Bb2 Ra8 27. Qxd3 Nxd3 28. Ra1 $17) 26... Ra8 27. Nf5 Bxf5 28. exf5 Ra2 29. Qe1
Qxf5 30. Be4 Rxa1 31. Qxa1 Qxe4 32. Qb1 Nf3+ 33. Kh1 Qxd5 0-1

[Event "XXVII. Abierto de Sevilla"]
[Site "?"]
[Date "2002.01.19"]
[Round "9"]
[White "Salazar Reyes, J."]
[Black "Cabrera, A."]
[Result "0-1"]
[WhiteElo "2275"]
[BlackElo "2440"]
[PlyCount "62"]
[EventDate "1996.??.??"]

1. e4 g6 2. d4 Bg7 3. Nf3 d6 4. h3 Nf6 5. Bd3 O-O 6. O-O c6 7. a4 b6 8. Qe2 Qc7
9. Bd2 e5 10. dxe5 dxe5 11. c4 Nbd7 12. Nc3 a5 13. Rac1 Nc5 14. Bc2 Re8 15.
Rfd1 Nh5 16. Qf1 Nf4 17. Be3 Bf8 18. Nd2 Nce6 19. Nb3 Ng5 20. Kh2 Qe7 21. Bxf4
exf4 22. f3 Qf6 23. Bd3 Ne6 24. Be2 Nc5 25. Nd4 Bb7 26. Qf2 Bd6 27. Kh1 Be5 28.
Rc2 Rad8 29. Rcd2 Rd6 30. Bf1 Red8 31. Nc2 31... Bxc3 { } 0-1

[Event "XXVII. Abierto de Sevilla"]
[Site "?"]
[Date "2002.01.19"]
[Round "9"]
[White "De La Cruz, G."]
[Black "Rustemov, A."]
[Result "0-1"]
[WhiteElo "2264"]
[BlackElo "2607"]
[PlyCount "62"]
[EventDate "1996.??.??"]

1. e4 e6 2. d4 d5 3. Nc3 Bb4 4. Nge2 Nf6 5. a3 Be7 6. Ng3 c5 7. Bb5+ Nc6 8.
exd5 Nxd5 9. O-O Nxc3 10. bxc3 O-O 11. Be3 Qc7 12. Bd3 f5 13. f4 Na5 14. Kh1 b6
15. d5 g6 16. c4 16... Bf6 { } 17. Bd2 Nb7 (17... Bxa1 18. Qxa1 Bb7 19. dxe6
Qc6 20. Rf2 20... Rae8 $19) 18. Qe2 Nd6 (18... Bxa1 19. Rxa1 Nd6 20. Bc3 exd5
21. cxd5 21... Re8 $17) 19. c3 Re8 20. Qf3 Bb7 21. Rfd1 Qf7 22. dxe6 Rxe6 23.
Qf1 Rae8 24. Re1 Rxe1 25. Rxe1 Rxe1 26. Bxe1 Ba6 27. Qf3 Bxc4 28. Bxc4 Nxc4 29.
Nf1 Kg7 30. a4 Qe7 31. Qd1 Nb2 0-1

[Event "XXVII. Abierto de Sevilla"]
[Site "?"]
[Date "2002.01.19"]
[Round "9"]
[White "Tejero Royo, F."]
[Black "Paragua, M."]
[Result "0-1"]
[WhiteElo "2198"]
[BlackElo "2469"]
[PlyCount "46"]
[EventDate "1996.??.??"]

1. d4 Nf6 2. c4 g6 3. Nf3 Bg7 4. g3 O-O 5. Bg2 d6 6. O-O Nbd7 7. Nc3 e5 8. b3
Re8 9. dxe5 dxe5 10. Bb2 c6 11. Qc2 Nc5 12. Nh4 Qb6 13. Kh1 a5 14. Rab1 14...
e4 { } 15. f3 (15. Bc1) 15... g5 16. fxe4 $19 (16. Nxe4 Nfxe4 17. fxe4 gxh4 18.
Bxg7 18... h3 $17 (18... Kxg7 19. Qc3+ Kg8 20. Qf6 $11)) 16... gxh4 17. e5 Ng4
18. Rxf7 Kxf7 19. Qxh7 Nf2+ 20. Kg1 Rh8 21. e6+ Nxe6 22. Qf5+ Kg8 23. Rf1 hxg3
0-1

[Event "XXVII. Abierto de Sevilla"]
[Site "?"]
[Date "2002.01.19"]
[Round "9"]
[White "Camacho Calle, P."]
[Black "Estremera Panos, S."]
[Result "0-1"]
[WhiteElo "2195"]
[BlackElo "2383"]
[PlyCount "46"]
[EventDate "1996.??.??"]

1. Nf3 c5 2. c4 Nf6 3. Nc3 b6 4. d4 cxd4 5. Nxd4 Bb7 6. f3 e6 7. e4 d6 8. Be3
a6 9. Rc1 Nbd7 10. Be2 Be7 11. O-O O-O 12. Qd2 Rc8 13. Rfd1 Qc7 14. Bf1 Rfe8
15. Nc2 Qb8 16. Qf2 Ne5 17. Na3 { } 17... d5 18. Bxb6 (18. cxd5 exd5 19. Nxd5
Nxd5 20. Rxc8 Rxc8 21. exd5) 18... dxe4 19. f4 Neg4 20. Qg3 Ba8 21. c5 $2 (21.
Bd4 Bd6 22. Ne2 e5 23. fxe5 Bxe5 24. Bxe5 24... Nxe5 $17) 21... Rxc5 $19 22.
Na4 Rxc1 23. Rxc1 Bd6 0-1

[Event "XXVII. Abierto de Sevilla"]
[Site "?"]
[Date "2002.01.19"]
[Round "9"]
[White "Gomez Trigo, J."]
[Black "Fernandez Romero, E."]
[Result "0-1"]
[WhiteElo "2044"]
[BlackElo "2347"]
[PlyCount "84"]
[EventDate "1996.??.??"]

1. e4 e6 2. d4 d5 3. Nd2 c5 4. exd5 Qxd5 5. Ngf3 cxd4 6. Bc4 Qd6 7. O-O Nf6 8.
Nb3 Nc6 9. Nbxd4 Nxd4 10. Qxd4 Bd7 11. Bf4 Qxd4 12. Nxd4 Rc8 13. Bb3 Bc5 14.
Rad1 O-O 15. Nf3 Rfd8 16. c3 Bb5 17. Rfe1 h6 18. Be5 Nd7 19. Bd4 a5 20. Bxc5
Nxc5 21. Nd4 Bd7 22. Bc2 a4 23. c4 Na6 24. b3 Nb4 25. Bb1 axb3 26. axb3 Bc6 27.
Nxc6 bxc6 28. Be4 Kf8 29. Kf1 Ke7 30. h4 Rxd1 31. Rxd1 { } 31... Ra8 32. Re1
Ra3 33. Re3 Kd6 34. Rg3 g6 35. h5 g5 36. Re3 f5 37. Bf3 e5 38. Rc3 Kc5 39. Bd1
Ra1 40. Ke2 Kd4 41. Rh3 Ra2+ 42. Kf1 Nd3 0-1

[Event "XXVII. Abierto de Sevilla"]
[Site "?"]
[Date "2002.01.19"]
[Round "9"]
[White "Perez Perez, M."]
[Black "Teran Alvarez, I."]
[Result "0-1"]
[WhiteElo "2056"]
[BlackElo "2392"]
[PlyCount "82"]
[EventDate "1996.??.??"]

1. e4 c5 2. Nf3 Nc6 3. d4 cxd4 4. Nxd4 e6 5. Be3 Nf6 6. Nc3 Bb4 7. Bd3 d5 8.
O-O Bxc3 9. bxc3 dxe4 10. Bb5 Bd7 11. Nxc6 bxc6 12. Bc4 Qe7 13. Rb1 13... Nd5 {
} 14. Bxd5 cxd5 15. Bxa7 O-O 16. Rb7 Qd6 17. Qd4 Rfc8 18. Rfb1 Bc6 19. Bc5 Qf4
20. g3 Qf3 21. R7b6 h5 22. a3 h4 23. Qe3 Qf5 24. Bd6 h3 25. Qf4 Qxf4 26. gxf4
Ba4 27. Rb8 Kh7 28. Rxa8 Rxa8 29. Rb7 Kg6 30. Kf1 Rc8 31. Bb4 d4 32. cxd4 Rxc2
33. Ke1 e3 34. fxe3 Rxh2 35. Bd6 Ra2 36. e4 f5 37. exf5+ exf5 38. Bf8 h2 39.
Rxg7+ Kh5 40. Rh7+ Kg4 41. Kf1 Bb5+ 0-1

[Event "XXVII. Abierto de Sevilla"]
[Site "?"]
[Date "2002.01.19"]
[Round "9"]
[White "Martin Vazquez, J.M."]
[Black "Martinez Fernandez, A."]
[Result "1-0"]
[WhiteElo "2194"]
[BlackElo "2046"]
[PlyCount "97"]
[EventDate "1996.??.??"]

1. d4 Nf6 2. c4 g6 3. Nc3 Bg7 4. e4 O-O 5. Nf3 d6 6. h3 Nbd7 7. e5 Ne8 8. Bf4
c5 9. dxc5 Nxc5 10. Qd2 Ne6 11. Bh2 dxe5 12. Qxd8 Nxd8 13. Bxe5 Nf6 14. Nd4 Bd7
15. Be2 Nc6 16. Nxc6 Bxc6 17. O-O Rfd8 18. Rfd1 Ne4 19. Bxg7 Kxg7 20. Nxe4 Bxe4
21. Rac1 Kf8 22. f3 Bc6 23. Kf2 e6 24. Ke3 Ke7 25. g3 f6 26. f4 Rac8 27. h4 b6
28. Rxd8 Kxd8 29. h5 gxh5 30. Bxh5 Ke7 31. Be2 h6 32. Rc3 Bg2 33. b4 Kd6 34.
Rd3+ Ke7 35. Ra3 Rc7 36. g4 Kf7 37. Ra6 Ke7 38. a4 38... Bh1 { } 39. a5 bxa5
40. Rxa5 Rb7 41. Rh5 Bg2 42. Rh2 Bc6 43. b5 Be8 44. Rxh6 Rb6 45. Rh7+ Bf7 46.
c5 Rb8 47. Bc4 Rg8 48. f5 Kf8 49. Rxf7+ 1-0

[Event "XXVII. Abierto de Sevilla"]
[Site "?"]
[Date "2002.01.19"]
[Round "9"]
[White "Giampa, A."]
[Black "Gutierrez Jimenez, J.M."]
[Result "1-0"]
[WhiteElo "2189"]
[BlackElo "1985"]
[PlyCount "46"]
[EventDate "1996.??.??"]

1. b3 Nf6 2. Bb2 d5 3. Nf3 Bf5 4. g3 e6 5. Bg2 Bd6 6. O-O O-O 7. c4 c6 8. d3
Nbd7 9. h3 e5 10. e4 Bg6 11. exd5 cxd5 12. Nh4 Nb6 13. Nxg6 fxg6 14. Nd2 Bb4
15. Bxe5 Bxd2 16. Qxd2 { } 16... dxc4 17. Bxb7 cxd3 18. Bxa8 Qxa8 19. Bxf6 Rxf6
20. Qxd3 Qc8 21. Kh2 Nd7 22. Rad1 Rf7 23. f4 Qc7 1-0

[Event "XXVII. Abierto de Sevilla"]
[Site "?"]
[Date "2002.01.19"]
[Round "9"]
[White "Garcia Garcia, E."]
[Black "Durao, J."]
[Result "0-1"]
[WhiteElo "2029"]
[BlackElo "2150"]
[PlyCount "34"]
[EventDate "1996.??.??"]

1. e4 e5 2. Nf3 Nc6 3. d4 exd4 4. Nxd4 Nf6 5. Nxc6 bxc6 6. e5 Qe7 7. Qe2 Nd5 8.
c4 Nb6 9. b3 d6 10. Bb2 Bf5 11. Nd2 O-O-O 12. exd6 Qxd6 13. O-O-O Be7 14. Nf3
Qb4 15. Qe5 Rxd1+ 16. Kxd1 Rd8+ 17. Kc1 { } 17... Bg5+ 0-1

[Event "XXVII. Abierto de Sevilla"]
[Site "?"]
[Date "2002.01.19"]
[Round "9"]
[White "Salgado Garcia, J."]
[Black "Valencia Gomez, J."]
[Result "0-1"]
[WhiteElo "2063"]
[BlackElo "1350"]
[PlyCount "76"]
[EventDate "1996.??.??"]

1. Nf3 d5 2. d4 Nf6 3. Bf4 c6 4. e3 Qb6 5. Bd3 Qxb2 6. Nbd2 Qa3 7. O-O g6 8. h3
Bg7 9. Qe2 O-O 10. c4 Na6 11. Rab1 Nb4 12. Rb3 Qa5 13. Bb1 { } 13... Nxa2 14.
e4 Nc3 15. Qe3 Nxb1 16. Rfxb1 dxe4 17. Be5 exf3 18. Nxf3 Qd8 19. g4 Nd7 20. Bf4
Nb6 21. Rc1 Be6 22. Rbc3 Qd7 23. Bh6 Rfd8 24. Bxg7 Kxg7 25. g5 f6 26. Re1 Kf7
27. gxf6 exf6 28. Qh6 Kg8 29. Rce3 Re8 30. Nh4 Bf7 31. Qf4 Rxe3 32. fxe3 g5 33.
Qg3 Bg6 34. Nf3 Nxc4 35. e4 h6 36. h4 g4 37. e5 fxe5 38. dxe5 gxf3 0-1

[Event "XXVII. Abierto de Sevilla"]
[Site "?"]
[Date "2002.01.19"]
[Round "9"]
[White "Korneev, O."]
[Black "Lalic, B."]
[Result "1/2-1/2"]
[WhiteElo "2568"]
[BlackElo "2523"]
[PlyCount "159"]
[EventDate "1996.??.??"]

1. e4 e5 2. Nf3 Nc6 3. Bb5 a6 4. Ba4 Nf6 5. O-O Be7 6. Re1 b5 7. Bb3 O-O 8. h3
Bb7 9. d3 d6 10. a3 Na7 11. c4 bxc4 12. Bxc4 c5 13. Nc3 a5 14. Ng5 Rb8 15. f4
Nc6 16. Nf3 exf4 17. Bxf4 Nd7 18. Nd5 Nce5 19. Nxe5 Nxe5 20. Bxe5 dxe5 21. b3
Bxd5 22. Bxd5 g6 23. Ra2 Kg7 24. Bc4 Rb6 25. Rf1 Rf6 26. Rxf6 Bxf6 27. g3 Be7
28. Rf2 Qd4 29. Kg2 f5 (29... Bg5) 30. exf5 e4 31. Qe1 gxf5 32. dxe4 fxe4 33.
Re2 $16 33... Bd6 34. Rxe4 Qb2+ 35. Re2 Qf6 36. Re3 Qb2+ 37. Re2 37... Qf6 { }
38. h4 (38. Bd5 Qg5 39. Qc3+ Rf6 40. Bc4) 38... Qf3+ 39. Kh3 Qf5+ 40. Kh2 Qg4
41. Kg2 (41. Re4 Qf3 42. Re6 $16) 41... Qf3+ 42. Kh2 Qg4 43. Re7+ Kh8 44. Qc3+
Qd4 45. Re3 Kg7 46. a4 Qxc3 47. Rxc3 Be5 48. Re3 Re8 49. Kh3 Re7 50. Rf3 Bf6
51. Rf5 Re5 52. Rf4 h5 53. Rf3 Re7 54. Rd3 Bd4 55. Kg2 Re3 56. Rd1 Kg6 57. Rf1
Be5 58. Bf7+ Kg7 59. Rf5 Rxg3+ 60. Kf2 Rc3 61. Ke2 Bd4 62. Bc4 Re3+ 63. Kd2 Rh3
64. Rxh5 Kg6 65. Rg5+ Kf6 66. Rh5 Kg6 67. Rg5+ Kf6 68. Rd5 Rxh4 69. Kd3 Ke7 70.
Rg5 Kd6 71. Rg6+ Ke5 72. Re6+ Kf5 73. Ra6 Rh3+ 74. Ke2 Rh2+ 75. Kf3 Bc3 76. Rd6
Bb4 77. Rd5+ Kf6 78. Rd8 Rh4 79. Ke3 79... Rd4 { } 80. Rxd4 1/2-1/2

[Event "XXVII. Abierto de Sevilla"]
[Site "?"]
[Date "2002.01.19"]
[Round "9"]
[White "Nuevo Perez, A."]
[Black "Tissir, M."]
[Result "1/2-1/2"]
[WhiteElo "2169"]
[BlackElo "2368"]
[PlyCount "115"]
[EventDate "1996.??.??"]

1. e4 e6 2. d4 d5 3. Nd2 a6 4. Ngf3 c5 5. exd5 exd5 6. dxc5 Bxc5 7. Nb3 Ba7 8.
Qe2+ Ne7 9. Be3 Bxe3 10. Qxe3 O-O 11. Be2 Nd7 12. O-O Nf6 13. Bd3 Re8 14. Rae1
Bf5 15. Bxf5 Nxf5 16. Qf4 Rxe1 17. Rxe1 Nd6 18. Nbd4 Qd7 19. Ne5 Re8 20. h3 Qd8
21. Nd3 Nde4 22. c3 g6 23. Ne5 Qd6 24. Nd3 Qe7 25. Ne5 Nc5 26. Ndf3 { } 26...
Qd6 $2 27. Nxg6 Rxe1+ 28. Nxe1 Qe6 29. Ne5 $18 29... Nfe4 30. Qg4+ Kf8 31. Qxe6
fxe6 32. N1d3 Na4 33. Nf3 Ke7 34. Kf1 Kd6 35. Ke2 Nec5 36. Nfe1 e5 37. Kd2 Ne6
38. b3 Nb6 39. Nc2 Nd7 40. Ke3 Nf6 41. g4 Ne4 42. c4 dxc4 43. bxc4 Nc3 44. a3
e4 45. Nb2 Ke5 46. h4 Nf4 47. Ne1 Ng6 48. h5 Nh4 49. f3 Nxf3 50. Nxf3+ exf3 51.
Nd3+ Kf6 52. Kxf3 Nb1 53. Kf4 Nxa3 54. g5+ Kg7 55. c5 Nc4 56. Ne5 Nb2 57. Ke4
Nd1 58. Nc4 { } 1/2-1/2

[Event "XXVII. Abierto de Sevilla"]
[Site "?"]
[Date "2002.01.19"]
[Round "9"]
[White "Oliva Del Amo, A.J."]
[Black "Frois, A."]
[Result "0-1"]
[WhiteElo "2091"]
[BlackElo "2354"]
[PlyCount "116"]
[EventDate "1996.??.??"]

1. b3 Nf6 2. Bb2 g6 3. e4 d6 4. g3 Bg7 5. Bg2 O-O 6. Ne2 c5 7. O-O Nc6 8. d4
cxd4 9. Nxd4 Nxd4 10. Bxd4 Qa5 11. Qd2 Qh5 12. Nc3 Bh6 13. Qe2 Qxe2 14. Nxe2 e5
15. Bb2 Bg4 16. f3 Be3+ 17. Kh1 Bd7 18. Rfd1 Bc5 19. Nc3 Rac8 20. Nd5 Nxd5 21.
Rxd5 21... Bc6 { } 22. Rxc5 $2 22... dxc5 23. Bxe5 Rfd8 24. Bf4 f6 25. Bf1 Be8
26. a4 Bf7 27. c4 Rc6 28. Kg1 Re6 29. Kf2 Kg7 30. g4 Be8 31. h4 h6 32. Rb1 Re7
33. g5 hxg5 34. hxg5 f5 35. e5 Re6 36. Ra1 Rb6 37. Ra3 Rd1 (37... a5 38. Be3
Re6 39. f4 b6) 38. Be3 Rb1 39. Bxc5 R6xb3 40. Rxb3 Rxb3 41. Bxa7 Bxa4 42. e6
Bc6 43. Be2 Kf8 44. Bc5+ Ke8 45. Bd6 b6 46. c5 b5 47. f4 Rc3 48. Ke1 Re3 49. e7
Bf3 50. Kf2 Rxe2+ 51. Kxf3 Rc2 52. Ke3 b4 53. Kd3 b3 54. c6 Rxc6 55. Ba3 Kd7
56. Kd4 Ra6 57. Bb2 Kxe7 58. Kc3 Ke6 0-1

[Event "XXVII. Abierto de Sevilla"]
[Site "?"]
[Date "2002.01.19"]
[Round "9"]
[White "Castillo Gomez, J."]
[Black "Romero Garcia, M."]
[Result "1-0"]
[WhiteElo "2135"]
[BlackElo "2166"]
[PlyCount "152"]
[EventDate "1996.??.??"]

1. d4 d6 2. Nf3 c6 3. e4 Nf6 4. Nbd2 Bg4 5. Bd3 e6 6. c3 Be7 7. Qb3 Qc7 8. Nf1
O-O 9. Ng3 e5 10. dxe5 dxe5 11. Be3 Nbd7 12. Bc4 Nc5 13. Qc2 b5 14. Be2 Rad8
15. O-O Rfe8 16. Rfd1 Ne6 17. h3 Bxf3 18. Bxf3 g6 19. Rxd8 Rxd8 20. Rd1 Re8 21.
Ne2 a6 22. g3 Qa5 23. Nc1 Kg7 24. c4 b4 25. Nb3 Qc7 26. Be2 c5 27. Nc1 Qc6 28.
f3 Nd4 29. Bxd4 exd4 30. Kh2 Bd6 31. Bd3 Qc7 32. Qg2 g5 33. f4 $5 33... Nd7 (
33... Bxf4 34. gxf4 Qxf4+ 35. Qg3 Qxg3+ 36. Kxg3 Nxe4+ 37. Bxe4 Rxe4 38. Nd3)
34. Re1 f6 35. Rg1 Nf8 36. Qf3 Ng6 37. e5 (37. Ne2) 37... fxe5 38. f5 e4 (38...
Nh8) 39. Bxe4 39... Qe7 $2 (39... Nh4 $1 40. Qg4 Kf6) 40. Bd5 $2 (40. fxg6 $18)
40... Ne5 41. Qh5 Rf8 42. Rf1 Qf6 43. Qd1 h5 44. Kg2 Rh8 45. Nd3 Rh6 46. Nxe5
Qxe5 47. Qe1 Kf6 48. Be6 Rh8 49. b3 Rd8 50. Qxe5+ Bxe5 51. Rd1 a5 52. Rd3 Ra8
53. Kf3 a4 54. Ke4 axb3 55. axb3 Bd6 56. Kd5 Be7 57. g4 h4 58. Kc6 Ra2 59. Bd5
Re2 60. Kd7 Bf8 61. Bf3 Rh2 62. Bd5 Rf2 63. Bf3 Ke5 64. Ke8 Bd6 65. Kd7 Bf8 66.
Ke8 Bg7 67. Kf7 Bf6 68. Kg6 Rc2 69. Bd1 Ra2 70. Bf3 Ra6 71. Bd5 Ra7 72. Bf7 Re7
73. Bd5 Rg7+ 74. Kh6 Kd6 75. Rd1 Re7 76. Be6 { } 76... Be5 $2 (76... Ra7 $11)
1-0

[Event "XXVIII. Abierto de Sevilla"]
[Site "?"]
[Date "2002.01.12"]
[Round "2"]
[White "Gomez Feria, J.M.."]
[Black "Caballero Garcia, Lucas"]
[Result "1-0"]
[WhiteElo "2096"]
[BlackElo "1800"]
[Annotator "Montecatine,Ricardo"]
[PlyCount "77"]
[EventDate "2002.01.11"]

1. Nf3 d5 2. c4 c6 3. b3 Nf6 4. g3 e6 5. Bg2 Bd6 6. Bb2 Nbd7 7. d4 O-O 8. O-O
b6 9. Nbd2 Bb7 10. Rc1 Rc8 11. Re1 c5 12. cxd5 exd5 13. e3 Re8 14. Bh3 Rc7 15.
Qe2 Ne4 16. Nxe4 dxe4 17. Nd2 cxd4 18. Bxd4 Nf6 19. Nc4 Ba6 20. Qb2 Nh5 21. Bg4
Bxc4 22. bxc4 Qg5 23. Bxh5 Qxh5 24. Bxg7 Re6 25. Bf6 Rc6 26. Bh4 Rg6 27. Bd8
Rh6 28. h4 Be5 29. Qe2 Qf5 30. Bg5 30... Rhg6 { } 31. Rcd1 $1 $16 31... h6 32.
Bf4 Bxf4 33. exf4 Qxf4 34. Qxe4 34... Qc7 $2 (34... Rxc4 $2 35. Qxg6+) (34...
Qxe4 35. Rxe4 35... Rc7 $16) 35. Qe8+ Kg7 36. Rd8 Rxg3+ 37. Kf1 Rh3 38. Re5 (
38. Qh8+ Kg6 39. Re5) 38... Rh1+ 39. Ke2 1-0